Postaw na milion 384 - Statystyki

Ogólne statystyki
  • Ten quiz został rozwiązany 4 razy
  • Średni wynik to 9 z 12
Statystyki odpowiedzi
Zagadnienie Odpowiedź % Poprawnych
Ile znaków (kresek i kropek) trzeba postawić, aby alfabetem Morse'a nadać sygnał SOS? 9
100%
Robota nie zając... nie ucieknie
100%
"En gards", "prêts", "touché", "alle", "corps-à-corps" to terminy, które wiążą się z... szermierką
100%
W Karczmie "Rzym' oko w oko z diabłem stanął Pan: Twardowski
100%
Pyrrusowe zwycięstwo to triumf osiągnięty... zbyt wysokim kosztem
100%
Bartosz Zmarzlik to jeden z najwybitniejszych zawodników w historii swojej dyscypliny sportowej. Ta dyscyplina to: żużel
100%
Swój wielki przebój "Josephine" Chris Rea zatytułował imieniem: córki
75%
Rotmistrz Pilecki jest bohaterem z czasów: II wojny światowej
75%
Oczy niebieskie, życie... królewskie
75%
Która wyspa nie należy do Hiszpanii? Lesbos
75%
Według danych serwisu Pollstar najwięcej biletów na koncerty od początku XXI wieku sprzedał zespół: Coldplay
25%
31 VIII 2025 roku, jeden z tych utworów przekroczył 5 miliardów odtworzeń i stał się najczęściej odtwarzanym w historii platformy Spotify. Który? Blinding Lights (The Weeknd)
0%
Nie znaleziono quizów pasujących do podanych kryteriów
Rozkład punktacji
Procent ludzi z każdym wynikiem
Percentyl według liczby udzielonych odpowiedzi
Twoja historia wyników
Nie rozwiązałeś tego quizu